[Event "AUT-ch U12 Girls"]
[Site "Linz"]
[Date "2013.05.20"]
[Round "6"]
[White "Raith, Selina"]
[Black "Enache, Dorothea"]
[Result "1-0"]
[WhiteElo "1181"]
[BlackElo "1191"]
[PlyCount "55"]
[EventDate "2013.05.18"]
[EventType "swiss"]
[EventRounds "7"]
[EventCountry "AUT"]
[SourceTitle "EXT 2015"]
[Source "ChessBase"]
[SourceDate "2014.11.20"]
[SourceVersion "1"]
[SourceVersionDate "2014.11.20"]
[SourceQuality "1"]

1. e4 d6 2. Nf3 Nf6 3. Nc3 e5 4. Bc4 Be7 5. h3 0-0 6. 0-0 Nbd7 7. d3 c6 8. a4 a5 9. Nh4 Nxe4 10. dxe4 Bxh4 11. Qg4 Nb6 12. Qe2 Qf6 13. Bb3 Qg6 14. Kh1 Bd7 15. Qf3 c5 16. Bd5 Rfe8 17. Bxb7 Rad8 18. Nb5 Re6 19. Qg4 Qh6 20. Bxh6 Rxh6 21. Qf3 Re8 22. Nc7 Re7 23. Nd5 Ree6 24. Nxb6 Re7 25. Nxd7 Rxd7 26. Qg4 Rxb7 27. Qc8+ Bd8 28. Qxd8# 1-0

[Event "AUT-ch U12 Girls"]
[Site "Linz"]
[Date "2013.05.18"]
[Round "1"]
[White "Haidenberger, Flora"]
[Black "Raith, Selina"]
[Result "0-1"]
[WhiteElo "1204"]
[BlackElo "1181"]
[PlyCount "72"]
[EventDate "2013.05.18"]
[EventType "swiss"]
[EventRounds "7"]
[EventCountry "AUT"]
[SourceTitle "EXT 2015"]
[Source "ChessBase"]
[SourceDate "2014.11.20"]
[SourceVersion "1"]
[SourceVersionDate "2014.11.20"]
[SourceQuality "1"]

1. e4 e5 2. Nf3 Nc6 3. Bc4 Bc5 4. b4 Bxb4 5. c3 Bc5 6. d4 exd4 7. 0-0 Nf6 8. e5 d5 9. exf6 dxc4 10. fxg7 Rg8 11. Re1+ Be6 12. Ng5 Qd5 13. cxd4 Bxd4 14. Nc3 Qf5 15. Nxe6 fxe6 16. Re2 Bxc3 17. Bb2 Bxb2 18. Rxb2 Rxg7 19. Re2 Qg4 20. g3 Rd7 21. Rd2 Qxd1+ 22. Raxd1 Rad8 23. Rxd7 Rxd7 24. Rb1 b6 25. Kg2 c3 26. Rc1 Rd3 27. Kf1 b5 28. Ke2 Rd2+ 29. Ke1 b4 30. h3 Ne5 31. Rd1 Nd3+ 32. Kf1 Rxd1+ 33. Ke2 c2 34. h4 c1Q 35. Kf3 Ne5+ 36. Ke2 Qd2# 0-1

[Event "EU Union-ch U10 10th"]
[Site "Mureck"]
[Date "2012.08.05"]
[Round "5"]
[White "Raith, Selina"]
[Black "Konecny, Sophie"]
[Result "0-1"]
[WhiteElo "1148"]
[BlackElo "1448"]
[PlyCount "38"]
[EventDate "2012.08.01"]
[EventType "swiss"]
[EventRounds "9"]
[EventCountry "AUT"]
[SourceTitle "EXT 2013"]
[Source "ChessBase"]
[SourceDate "2012.11.22"]
[SourceVersion "1"]
[SourceVersionDate "2012.11.22"]
[SourceQuality "1"]

1. e4 e5 2. Nf3 d6 3. h3 Nf6 4. Nc3 Be7 5. Bc4 0-0 6. d3 c6 7. Qe2 b5 8. Bb3 a5 9. a3 Ba6 10. Qe3 Nbd7 11. Qg5 Nxe4 12. Qg4 Ndf6 13. Qh4 Nxc3 14. bxc3 Nd5 15. Ng5 h6 16. Bxd5 cxd5 17. Qg3 Bxg5 18. Bxg5 Qxg5 19. Qxg5 hxg5 0-1